01016nas a2200241Ia 4500001001100000003000900011008004100020040001300061040001300074041001300087100004300100210001200143222001200155245011800167250001100285260002200296501008600318300001800404310001500422362003400437500026000471650004300731R142/77672IT-RoPAU151124c99999999xx |||||||||||| ||und|| aIT-RoPAU cIT-RoPAU aFRANCESE aQuere' LouisgCodice Aut. SPICS: 184 aRESEAUX aReseaux aRESEAUX, N.046/047 (MARZO/GIUGNO 1991)bD'Un Modele Epistemologique De la Communication A un Modele Praxeologique a1a ed. aPARISbCNETc1991 bPaulus - SPICS - Società San Paolo EM (non-commercial uses only)cCopyright2015 a22 p. [69-90] aBIMESTRALE aN.046/047 (MARZO/GIUGNO 1991) aDa un Modello Epistemologico della Comunicazione a un Modello Prasseologico. Due Schemi per Rendere Conto della Comunicazione: Schema Rappresentazionista e Schema Costitutivo. Comunicazione Come Processo di Pubblicizzazione.Istaurazione di Uno Spazio Pubb aCOMUNICAZIONEvPUBBLICAZIONE PERIODICA